00697nam a2200241 a 4500001001300000003000900013005001700022008004100039020001000080082001500090100002300105245005400128260004300182300000900225500003500234505001000269650001600279700002300295902000800318942000700326952010700333999001500440nice12345678IN_TiNIC20260116011459.0050524s1901 newa grp 000 0 eng  ac10000a239.9bHOL aHolliday, Gratin Y aIslam and Christianity Or the Quran and the Bible aNew YorkbAmerican Tract Societyc1901 a225p aincludes index and biblioraphy2 aIndex aApologetics1 aHolliday, Gratin Y bSRS cBK 00104070aHMIbHMId2011-01-28g100.00l1o239.9 HOLp1383r2017-11-24s2017-11-20w2026-01-16yARB c1915d1915